logo

Bir Sreshtho Munshi Abdur Rouf Library
Jhenaidah Cadet College

Aztec Gold / (Record no. 7411)

MARC details
000 -LEADER
fixed length control field 01141nam a2200289 i 4500
001 - CONTROL NUMBER
JCCL Control Number 7411
003 - CONTROL NUMBER IDENTIFIER
JCCL marc code BD - JhCC
005 - DATE AND TIME OF LATEST TRANSACTION
control field 20180627121313.0
008 - FIXED-LENGTH DATA ELEMENTS--GENERAL INFORMATION
fixed length control field 140929s2010 enk o 000 1 eng
020 ## - INTERNATIONAL STANDARD BOOK NUMBER
International Standard Book Number 9781908006899
020 ## - INTERNATIONAL STANDARD BOOK NUMBER
International Standard Book Number 1908006897
035 ## - SYSTEM CONTROL NUMBER
system control number (BD - JhCC )7411
040 ## - CATALOGING SOURCE
Original cataloging agency Uk
Description conventions rda
Transcribing agency Uk
Modifying agency BD-JhCC
041 ## - LANGUAGE CODE
Language code of Book eng
082 04 - DEWEY DECIMAL CLASSIFICATION NUMBER
Classification number 823.01083538
DDC Edition number 23
Author mark and Year DAW
100 ## - MAIN ENTRY--PERSONAL NAME
Personal name Dawlish, peter
245 00 - TITLE STATEMENT
Title Aztec Gold /
Statement of responsibility, etc peter Dawlish
300 ## - PHYSICAL DESCRIPTION
Pagination 256 p. :
Dimensions 21 cm.
500 ## - GENERAL NOTE
General note These stories have also been published in Sex & Satisfaction Two and Night of the Bear was published in Sex and Seduction.
500 ## - GENERAL NOTE
General note Nonacademic
506 1# - RESTRICTIONS ON ACCESS NOTE
Terms governing access Legal Deposit;
Physical access provisions Only available on premises controlled by the deposit library and to one user at any one time;
Authorization The Legal Deposit Libraries (Non-Print Works) Regulations (UK).
Institution to which field applies UkOxU
540 ## - TERMS GOVERNING USE AND REPRODUCTION NOTE
Terms governing use and reproduction Restricted: Printing from this resource is governed by The Legal Deposit Libraries (Non-Print Works) Regulations (UK) and UK copyright law currently in force.
Institution to which field applies UkOxU
655 #0 -
Genre/form data or focus term Erotic fiction.
700 1# - ADDED ENTRY--PERSONAL NAME
Personal name Forbes, Miranda,
942 ## - ADDED ENTRY ELEMENTS (KOHA)
Source of classification or shelving scheme Dewey Decimal Classification
Koha item type Books
Holdings
Source of classification or shelving scheme Damaged status Not for loan Home library Current library Shelving location Total Checkouts Full call number Barcode Date last seen Copy number Koha item type
Dewey Decimal Classification     JCC Rouf Library JCC Rouf Library General Stacks   823.01083538 DAW 8840 02/08/2018 C - 1 Books

JCC Library | Contacts | JCC Home

Last Update on 23 September 2017
Copyright @ 2017-2020 JCC Rouf Library
Rouf Library, Jhenidah Cadet College (JCC), Bangladesh